Statistics for Every 100k+ City in Germany on a Map

Click here to take the quiz!

General Stats

  • This quiz has been taken 2,483 times
  • The average score is 55 of 80

Answers on the Map

Answers color-coded by a green-red scale on the quiz's map according to % correct below.
 

Answer Stats

PopulationCity% Correct
3,669,491Berlin
99%
1,847,253Hamburg
99%
1,484,226Munich
99%
763,380Frankfurt am Main
98%
1,087,863Cologne
97%
567,559Bremen
96%
556,780Dresden
96%
621,877Düsseldorf
95%
536,925Hanover
95%
593,145Leipzig
95%
518,370Nuremberg
95%
635,911Stuttgart
95%
588,250Dortmund
93%
582,760Essen
91%
246,794Kiel
90%
248,960Aachen
88%
329,673Bonn
88%
179,349Saarbrücken
88%
182,112Potsdam
85%
209,191Rostock
85%
296,582Augsburg
84%
310,658Mannheim
84%
334,195Bielefeld
82%
231,195Freiburg im Breisgau
81%
315,293Münster
81%
498,686Duisburg
80%
216,530Lübeck
80%
218,578Mainz
80%
312,060Karlsruhe
77%
365,587Bochum
76%
237,565Magdeburg
76%
213,981Erfurt
74%
113,557Bremerhaven
73%
246,334Chemnitz
73%
126,405Ulm
73%
355,100Wuppertal
73%
123,830Wolfsburg
72%
238,762Halle
70%
249,406Braunschweig
69%
202,137Kassel
69%
261,034Mönchengladbach
68%
278,474Wiesbaden
68%
136,952Ingolstadt
67%
110,731Jena
67%
152,270Regensburg
67%
110,674Trier
66%
259,645Gelsenkirchen
65%
158,741Heidelberg
65%
169,605Oldenburg
65%
159,174Darmstadt
64%
113,388Koblenz
63%
163,905Leverkusen
63%
164,223Osnabrück
63%
126,954Würzburg
62%
128,223Fürth
58%
151,864Paderborn
57%
172,557Ludwigshafen am Rhein
56%
178,967Hamm
55%
116,845Göttingen
54%
227,417Krefeld
52%
210,764Oberhausen
52%
130,892Offenbach am Main
52%
112,385Erlangen
49%
188,687Hagen
47%
126,458Heilbronn
47%
153,109Neuss
45%
126,016Pforzheim
45%
159,193Solingen
45%
111,636Bergisch Gladbach
44%
101,055Hildesheim
43%
116,031Reutlingen
43%
101,943Siegen
43%
117,388Bottrop
42%
156,940Herne
42%
103,866Salzgitter
42%
170,921Mülheim an der Ruhr
41%
110,705Recklinghausen
40%
100,664Gütersloh
38%
103,487Moers
36%
111,516Remscheid
35%

Score Distribution

Percentile by Number Answered

Percent of People with Each Score

Your Score History

You have not taken this quiz